[Event "SR 2. liga A 2015/2016"]
[Site "?"]
[Date "2016.03.12"]
[Round "10.4"]
[White "Hudacek, Josef"]
[Black "Nemsak, Denis"]
[Result "0-1"]
[WhiteElo "2058"]
[BlackElo "2095"]
[PlyCount "142"]
[EventDate "2015.??.??"]

1. e4 d5 2. exd5 Nf6 3. d4 Nxd5 4. c4 Nb6 5. Nc3 g6 6. Be3 Bg7 7. Nf3 O-O 8.
Be2 Bg4 9. c5 Nd5 10. h3 Nxe3 11. fxe3 Bxf3 12. Bxf3 c6 13. O-O Nd7 14. Qb3 Qc7
15. Qc4 Rad8 16. Rad1 Nf6 17. b4 Qg3 18. b5 Bh6 19. Rde1 Nd5 20. Nxd5 cxd5 21.
Qb3 e5 22. Bxd5 Rxd5 23. Qxd5 Bxe3+ 24. Rxe3 Qxe3+ 25. Kh2 Qxd4 26. Qxd4 exd4
27. Rd1 Rc8 28. Rxd4 Rxc5 29. a4 a6 30. b6 Rc6 31. a5 Rc5 32. Rd7 Rxa5 33. Rxb7
Rb5 34. Rb8+ Kg7 35. b7 g5 36. Kg3 h5 37. Kf3 Rb4 38. Ke3 f6 39. Kf3 a5 40. Ra8
Rxb7 41. Rxa5 Rb3+ 42. Kf2 Kg6 43. Ra2 h4 44. Rc2 Rg3 45. Rc4 Kf5 46. Rc5+ Ke4
47. Rc4+ Kd5 48. Ra4 Rd3 49. Ra5+ Ke4 50. Ra4+ Rd4 51. Ra2 f5 52. Rb2 Kf4 53.
Ra2 Rb4 54. Rc2 g4 55. hxg4 fxg4 56. Ra2 g3+ 57. Ke2 Kg4 58. Ra8 Rb2+ 59. Kf1
Rb1+ 60. Ke2 Rb2+ 61. Kf1 Rb1+ 62. Ke2 h3 63. Ra4+ Kf5 64. Ra5+ Ke4 65. Ra4+
Kd5 66. Ra5+ Kc4 67. Ra4+ Kb5 68. Ra8 Kc6 69. gxh3 g2 70. Rg8 g1=Q 71. Rxg1
Rxg1 0-1

[Event "SR 2. liga A 2015/2016"]
[Site "?"]
[Date "2016.03.12"]
[Round "10.4"]
[White "Kovacova, Zuzana"]
[Black "Vepy, Ivan"]
[Result "1-0"]
[WhiteElo "2082"]
[BlackElo "1919"]
[PlyCount "41"]
[EventDate "2015.??.??"]

1. e4 e5 2. Nf3 Nc6 3. Bb5 a6 4. Ba4 Nf6 5. O-O Be7 6. Qe2 d6 7. c3 O-O 8. Rd1
Bg4 9. d4 Qc8 10. Bg5 b5 11. Bc2 h6 12. Be3 Nh7 13. h3 Bh5 14. Nbd2 Kh8 15. Nf1
Bg6 16. Ng3 Bf6 17. a4 exd4 18. cxd4 Qb7 19. h4 Nb4 20. h5 Nxc2 21. Qxc2 1-0

[Event "SR 2. liga A 2015/2016"]
[Site "?"]
[Date "2016.03.12"]
[Round "10.4"]
[White "Hrubsa, Marian"]
[Black "Petrik, Karol"]
[Result "0-1"]
[WhiteElo "1810"]
[BlackElo "2108"]
[PlyCount "74"]
[EventDate "2015.??.??"]

1. e4 c6 2. d4 g6 3. Nf3 Bg7 4. Be2 d5 5. e5 Nh6 6. c3 f6 7. Bf4 Nf7 8. O-O O-O
9. Nbd2 Qb6 10. Nb3 a5 11. Nc5 fxe5 12. Na4 Qa7 13. dxe5 b6 14. Re1 e6 15. Bd3
Nd7 16. b3 Ba6 17. Qe2 Bxd3 18. Qxd3 Qc7 19. Qe2 b5 20. Nb2 a4 21. Nd3 axb3 22.
axb3 c5 23. Nb2 Rxa1 24. Rxa1 Nfxe5 25. Bxe5 Nxe5 26. Nd2 c4 27. bxc4 bxc4 28.
Nd1 Qd6 29. g3 Nd3 30. f3 Bh6 31. Nf1 d4 32. Kg2 Ne5 33. cxd4 Qxd4 34. Ra6 Nxf3
35. Qxe6+ Kh8 36. Rd6 Qg1+ 37. Kh3 Ng5+ 0-1

[Event "SR 2. liga A 2015/2016"]
[Site "?"]
[Date "2016.03.12"]
[Round "10.4"]
[White "Krajnak, Robert"]
[Black "Planka, Peter"]
[Result "1/2-1/2"]
[WhiteElo "2111"]
[BlackElo "1748"]
[PlyCount "55"]
[EventDate "2015.??.??"]

1. c4 e5 2. Nc3 Nf6 3. Nf3 d6 4. g3 Be7 5. d3 O-O 6. Bg2 c6 7. c5 h6 8. cxd6
Bxd6 9. O-O Be6 10. d4 exd4 11. Nxd4 Qc8 12. Nxe6 Qxe6 13. Qc2 Nbd7 14. Bd2
Rad8 15. Rae1 Bb8 16. a3 Rfe8 17. b4 Nb6 18. Bc1 Qc4 19. Bb2 Nbd5 20. e4 Nxc3
21. Qxc3 Qxc3 22. Bxc3 Be5 23. Bxe5 Rxe5 24. Rd1 Ree8 25. f3 Kf8 26. Kf2 Ke7
27. Ke2 Nd7 28. Bh3 1/2-1/2

[Event "SR 2. liga A 2015/2016"]
[Site "?"]
[Date "2016.03.12"]
[Round "10.4"]
[White "Zlamal, Marek"]
[Black "Orosi, Peter"]
[Result "0-1"]
[WhiteElo "1730"]
[BlackElo "2071"]
[PlyCount "120"]
[EventDate "2015.??.??"]

1. d4 d5 2. e3 Nf6 3. c4 c6 4. Nf3 Bf5 5. Nc3 e6 6. Be2 Nbd7 7. O-O Bd6 8. a3
O-O 9. Nh4 dxc4 10. Nxf5 exf5 11. Bxc4 Ng4 12. f4 Qh4 13. h3 Ngf6 14. b4 Nb6
15. Bb3 Rfe8 16. Bd2 g6 17. Be1 Qh6 18. Qf3 Qf8 19. g4 a5 20. gxf5 axb4 21.
fxg6 hxg6 22. Bh4 Qg7 23. Bxf6 Qxf6 24. Ne4 Qe7 25. Nxd6 Qxd6 26. f5 Ra5 27.
Bxf7+ Kxf7 28. fxg6+ Ke7 29. Qg4 Qe6 30. Rf7+ Kd8 31. Qxe6 Rxe6 32. g7 Rg6+ 33.
Kf2 Rag5 34. Rxb7 Nd5 35. g8=Q+ Rxg8 36. Rb8+ Kd7 37. Rxg8 Rxg8 38. e4 Rf8+ 39.
Kg3 Nc3 40. axb4 Nxe4+ 41. Kh4 Rf4+ 42. Kh5 Nd6 43. Rd1 Ke6 44. Kg5 Rf5+ 45.
Kg4 Rd5 46. Kf4 Nf5 47. Ke4 Nd6+ 48. Kf4 Nb5 49. Ke3 Rh5 50. d5+ cxd5 51. Ra1
Rxh3+ 52. Kd2 Rb3 53. Ra4 d4 54. Kc2 Rc3+ 55. Kd2 Ra3 56. Ra5 Rxa5 57. bxa5 Kd5
58. Kd3 Na7 59. Kd2 Nc6 60. a6 Kc5 0-1

[Event "SR 2. liga A 2015/2016"]
[Site "?"]
[Date "2016.03.12"]
[Round "10.5"]
[White "Rohacek, Miroslav"]
[Black "Gasa, Andrej"]
[Result "1/2-1/2"]
[WhiteElo "2329"]
[BlackElo "2297"]
[PlyCount "30"]
[EventDate "2015.??.??"]

1. c4 c5 2. Nc3 Nc6 3. g3 g6 4. Bg2 Bg7 5. Nf3 e5 6. O-O Nge7 7. d3 O-O 8. a3
Rb8 9. Rb1 d6 10. b4 b6 11. Ne1 Be6 12. Nd5 Qd7 13. b5 Nd4 14. e3 Bxd5 15. cxd5
Nxb5 1/2-1/2

[Event "SR 2. liga A 2015/2016"]
[Site "?"]
[Date "2016.03.12"]
[Round "10.5"]
[White "Jablonicky, Martin"]
[Black "Sahidi, Samir"]
[Result "0-1"]
[WhiteElo "2255"]
[BlackElo "2202"]
[PlyCount "82"]
[EventDate "2015.??.??"]

1. c4 e5 2. Nc3 Nc6 3. g3 f5 4. Bg2 Nf6 5. e3 g6 6. Nge2 Bg7 7. O-O d6 8. d4 e4
9. f3 exf3 10. Bxf3 O-O 11. Rb1 Ne7 12. b4 d5 13. c5 a6 14. Qb3 c6 15. a4 Be6
16. Rd1 Bh6 17. Nf4 Bf7 18. Rd2 g5 19. Ng2 Ne4 20. Rdb2 Bg6 21. b5 a5 22. Nxe4
fxe4 23. Bg4 Bf5 24. Qd1 Qd7 25. Be2 Bh3 26. Bd2 Rf7 27. g4 Ng6 28. bxc6 bxc6
29. Rb8+ Rxb8 30. Rxb8+ Kg7 31. Be1 Nh4 32. Nxh4 gxh4 33. Rb3 Qxg4+ 34. Bg3 Qg5
35. Qe1 hxg3 36. hxg3 Bg4 37. Kg2 Bf3+ 38. Bxf3 exf3+ 39. Kf2 Qf5 40. Qb1 Qh3
41. Qg1 Re7 0-1

[Event "SR 2. liga A 2015/2016"]
[Site "?"]
[Date "2016.03.12"]
[Round "10.5"]
[White "Polasek, Filip"]
[Black "Kimerling, Martin"]
[Result "0-1"]
[WhiteElo "2091"]
[BlackElo "2128"]
[PlyCount "86"]
[EventDate "2015.??.??"]

1. e4 d6 2. d4 Nf6 3. Nc3 g6 4. Nf3 Bg7 5. Be3 c6 6. Qd2 b5 7. Bd3 Bb7 8. O-O
Nbd7 9. Bh6 O-O 10. Bxg7 Kxg7 11. e5 Ne8 12. Rfe1 Nc7 13. e6 Nxe6 14. Rxe6 fxe6
15. Ng5 Rf6 16. Nce4 Nf8 17. Re1 Qd7 18. Nxf6 exf6 19. Ne4 Rd8 20. c4 a6 21.
Re3 e5 22. dxe5 dxe5 23. Nc5 Qe7 24. Nxb7 Qxb7 25. cxb5 cxb5 26. Qc2 Ne6 27.
Be4 Qd7 28. h4 Nd4 29. Qc5 Rc8 30. Qb6 Rc1+ 31. Kh2 Qg4 32. g3 Nf5 33. Bf3 Qc4
34. Qb7+ Kh6 35. Re2 Nd4 36. Rd2 Qb4 37. Rd3 Qe1 38. Bg2 Qg1+ 39. Kh3 Qxf2 40.
Qf7 Qf5+ 41. g4 Qxd3+ 42. Kh2 Nf5 43. gxf5 Qxf5 0-1

[Event "SR 2. liga A 2015/2016"]
[Site "?"]
[Date "2016.03.12"]
[Round "10.5"]
[White "Macko, Miroslav"]
[Black "Ocko, Martin"]
[Result "1-0"]
[WhiteElo "2198"]
[BlackElo "1941"]
[PlyCount "95"]
[EventDate "2015.??.??"]

1. e4 e5 2. Nf3 Nc6 3. Bb5 a6 4. Ba4 Nf6 5. O-O Be7 6. Re1 b5 7. Bb3 O-O 8. d3
d5 9. exd5 Nxd5 10. Nxe5 Nxe5 11. Rxe5 Nf6 12. Nd2 Bd6 13. Re1 Ng4 14. Nf3 Bb7
15. h3 Nh6 16. Bxh6 gxh6 17. Ne5 Qg5 18. Qg4 Qxg4 19. hxg4 Kg7 20. d4 Rad8 21.
c3 f6 22. Nd3 Rfe8 23. Be6 Bc8 24. Bxc8 Rxc8 25. g3 Kf7 26. Kg2 Rxe1 27. Rxe1
c5 28. dxc5 Bxc5 29. Kf3 Bd6 30. Re4 Rc7 31. Rd4 Ke6 32. Ke4 Rg7 33. Kf3 Rc7
34. Ke2 Rg7 35. c4 Rc7 36. cxb5 axb5 37. Kd2 Rc8 38. a3 Rc7 39. Nf4+ Bxf4+ 40.
Rxf4 Rc5 41. Rf5 Rc4 42. Rxb5 Rxg4 43. b4 Rg8 44. a4 Rg4 45. a5 f5 46. a6 h5
47. a7 Rd4+ 48. Ke3 1-0

[Event "SR 2. liga A 2015/2016"]
[Site "?"]
[Date "2016.03.12"]
[Round "10.5"]
[White "Pericka, Tomas"]
[Black "Macko, Peter"]
[Result "0-1"]
[WhiteElo "1995"]
[BlackElo "2124"]
[PlyCount "44"]
[EventDate "2015.??.??"]

1. e4 e5 2. f4 Nf6 3. Nf3 Nxe4 4. fxe5 Be7 5. g3 O-O 6. d3 Ng5 7. Bg2 Nc6 8. d4
Nxf3+ 9. Bxf3 f6 10. O-O fxe5 11. dxe5 Nxe5 12. Qd5+ Nf7 13. Bh5 g6 14. Bh6 c6
15. Qb3 gxh5 16. Bxf8 Qxf8 17. Nd2 d5 18. Rae1 Bh3 19. Rf3 Re8 20. Kh1 Bg5 21.
Rxe8 Qxe8 22. Nf1 Qe2 0-1

[Event "SR 2. liga A 2015/2016"]
[Site "?"]
[Date "2016.03.12"]
[Round "10.5"]
[White "Vrtiakova, Anna"]
[Black "Diviak, Rastislav"]
[Result "1/2-1/2"]
[WhiteElo "1993"]
[BlackElo "1967"]
[PlyCount "36"]
[EventDate "2015.??.??"]

1. e4 d6 2. d4 Nf6 3. Nc3 g6 4. Nf3 Bg7 5. Be2 O-O 6. O-O c6 7. Re1 Nbd7 8. Bf4
Qa5 9. h3 Re8 10. Bf1 e5 11. dxe5 dxe5 12. Bh2 Nh5 13. Rb1 Nf8 14. b4 Qc7 15.
Na4 Ne6 16. c4 b6 17. Nc3 Nhf4 18. Qa4 Bb7 1/2-1/2

[Event "SR 2. liga A 2015/2016"]
[Site "?"]
[Date "2016.03.12"]
[Round "10.5"]
[White "Ulehla, Jakub"]
[Black "Glodova, Erika"]
[Result "0-1"]
[WhiteElo "1645"]
[BlackElo "2084"]
[PlyCount "82"]
[EventDate "2015.??.??"]

1. e4 c5 2. Nf3 d6 3. d4 cxd4 4. Nxd4 Nf6 5. Nc3 a6 6. Bg5 e6 7. f4 b5 8. e5
dxe5 9. fxe5 Qc7 10. Qe2 Nfd7 11. O-O-O Bb7 12. Bf4 Nc5 13. Qg4 Nbd7 14. Bxb5
axb5 15. Ndxb5 Qc6 16. Nd6+ Bxd6 17. Qxg7 O-O-O 18. exd6 Qxg2 19. Qd4 Qc6 20.
Rhf1 f6 21. Be3 e5 22. Qb4 Rhf8 23. Nb5 Kb8 24. Nc7 Na6 25. Nxa6+ Qxa6 26. Bg1
Rc8 27. Rf3 Qe2 28. Rc3 Rxc3 29. Qxc3 Rc8 30. Qb3 Qc4 31. Qxc4 Rxc4 32. b3 Rg4
33. Kb2 Rg2 34. Kc3 Be4 35. Rc1 f5 36. b4 f4 37. Kb3 f3 38. c4 f2 39. Bxf2 Rxf2
40. c5 Bd5+ 41. Ka3 Rxa2# 0-1

[Event "SR 2. liga A 2015/2016"]
[Site "?"]
[Date "2016.03.12"]
[Round "10.6"]
[White "Markos, Jan"]
[Black "Drtina, Milan"]
[Result "1-0"]
[WhiteElo "2566"]
[BlackElo "2183"]
[PlyCount "61"]
[EventDate "2015.??.??"]

1. d4 Nf6 2. c4 g6 3. Nc3 Bg7 4. e4 d6 5. Nf3 Bg4 6. Be2 c6 7. O-O Qc7 8. Be3
Nbd7 9. h3 Bxf3 10. Bxf3 O-O 11. Qd2 Rfe8 12. Rac1 b6 13. d5 c5 14. g4 Nf8 15.
g5 N6d7 16. Bg2 a6 17. a4 Rad8 18. f4 e6 19. Kh1 f6 20. dxe6 Nxe6 21. Nd5 Qb8
22. f5 gxf5 23. exf5 Nc7 24. gxf6 Nxf6 25. Nxf6+ Bxf6 26. Bg5 Be5 27. Rg1 Kh8
28. Rce1 Rf8 29. Bc6 Qc8 30. Bxd8 Qxf5 31. Rxe5 1-0

[Event "SR 2. liga A 2015/2016"]
[Site "?"]
[Date "2016.03.12"]
[Round "10.6"]
[White "Puskar, Peter"]
[Black "Sosovicka, Juraj"]
[Result "1/2-1/2"]
[WhiteElo "2238"]
[BlackElo "2193"]
[PlyCount "89"]
[EventDate "2015.??.??"]

1. d4 Nf6 2. c4 c6 3. Nf3 d5 4. e3 e6 5. b3 Bb4+ 6. Nbd2 Nbd7 7. Bb2 O-O 8. Bd3
c5 9. O-O cxd4 10. exd4 b6 11. a3 Be7 12. Rc1 Bb7 13. Qe2 Rc8 14. Ne5 Nxe5 15.
dxe5 Nd7 16. cxd5 Bxd5 17. Rxc8 Qxc8 18. Rc1 Qb8 19. Qh5 g6 20. Qe2 Rc8 21. Bc4
Bxc4 22. Rxc4 b5 23. Rxc8+ Qxc8 24. Ne4 Qc6 25. g3 Nc5 26. Nxc5 Bxc5 27. Qd3
Be7 28. h4 h5 29. Kf1 Kg7 30. Ke2 Bc5 31. b4 Bb6 32. Bd4 Bxd4 33. Qxd4 Qc2+ 34.
Qd2 Qe4+ 35. Qe3 Qc2+ 36. Ke1 Qc7 37. Kd2 Qd7+ 38. Kc3 Qc6+ 39. Kb2 a6 40. Qd3
Kg8 41. f3 Kf8 42. Qd8+ Kg7 43. Qf6+ Kg8 44. Qf4 Qd5 45. Qe3 1/2-1/2

[Event "SR 2. liga A 2015/2016"]
[Site "?"]
[Date "2016.03.12"]
[Round "10.6"]
[White "Duben, Igor"]
[Black "Nicolini, Alexander"]
[Result "1/2-1/2"]
[WhiteElo "2219"]
[BlackElo "2163"]
[PlyCount "110"]
[EventDate "2015.??.??"]

1. d4 f5 2. Nf3 Nf6 3. g3 g6 4. Bg2 Bg7 5. O-O O-O 6. c4 d6 7. Nc3 Qe8 8. d5
Na6 9. Nd4 Nc5 10. Rb1 a5 11. b3 Bd7 12. Bb2 Rb8 13. e3 e5 14. dxe6 Nxe6 15.
Nxe6 Bxe6 16. Nd5 Qf7 17. Nxf6+ Bxf6 18. Qd2 b6 19. Rfd1 Kg7 20. Qe2 Rfe8 21.
Qc2 Rbd8 22. Rd2 Qe7 23. Bxf6+ Qxf6 24. Rbd1 Bd7 25. Rd4 Re5 26. h4 Rde8 27. a3
h6 28. b4 axb4 29. axb4 Be6 30. Bc6 Rf8 31. Qc1 Bc8 32. Bg2 Rfe8 33. Rd5 Be6
34. R5d4 Bc8 35. Rd5 Be6 36. Rxe5 dxe5 37. c5 Bb3 38. Rd7+ Re7 39. Rxe7+ Qxe7
40. cxb6 cxb6 41. Qc3 Ba4 42. f4 Kf6 43. Bf1 Be8 44. Kf2 g5 45. hxg5+ hxg5 46.
Bg2 Qd6 47. Bb7 Bd7 48. Ba6 Be6 49. Be2 Bd7 50. Bd3 Be6 51. Bc2 Qd5 52. Bd3 Qd6
53. Be2 Bd7 54. Qa1 Bc6 55. Qc3 Bd7 1/2-1/2

[Event "SR 2. liga A 2015/2016"]
[Site "?"]
[Date "2016.03.12"]
[Round "10.6"]
[White "Puchart, Vladimir"]
[Black "Sosovicka, Matej"]
[Result "0-1"]
[WhiteElo "2032"]
[BlackElo "2158"]
[PlyCount "67"]
[EventDate "2015.??.??"]

1. d4 d5 2. c4 c6 3. Nc3 Nf6 4. Nf3 e6 5. Bg5 h6 6. Bxf6 Qxf6 7. e3 Nd7 8. Qc2
g6 9. Bd3 dxc4 10. Bxc4 Bg7 11. e4 O-O 12. O-O e5 13. Rad1 exd4 14. Nxd4 Ne5
15. Be2 Rd8 16. Nb3 Bg4 17. Rxd8+ Rxd8 18. Rd1 Rxd1+ 19. Nxd1 Qf4 20. Nc5 Bxe2
21. Qxe2 Qc1 22. Nd3 Nxd3 23. Qxd3 Bxb2 24. g3 c5 25. Kg2 Bd4 26. Kh3 a6 27.
Ne3 Bxe3 28. fxe3 Qb2 29. Qd5 b5 30. e5 Qb1 31. e4 Qf1+ 32. Kg4 c4 33. e6 fxe6
34. Qxe6+ 0-1

[Event "SR 2. liga A 2015/2016"]
[Site "?"]
[Date "2016.03.12"]
[Round "10.6"]
[White "Oprea, Erik"]
[Black "Liptak, Dusan"]
[Result "1-0"]
[WhiteElo "2109"]
[BlackElo "2126"]
[PlyCount "55"]
[EventDate "2015.??.??"]

1. c4 f5 2. d4 g6 3. Nc3 Nf6 4. f3 Bg7 5. e4 d6 6. Be3 O-O 7. e5 Ne8 8. f4 c6
9. Rc1 a6 10. h4 h5 11. Nf3 Nc7 12. Be2 Qe8 13. Kf2 b5 14. Ng5 d5 15. cxd5 cxd5
16. Bf3 e6 17. Ne2 Ra7 18. Ng3 Bd7 19. Rh3 Kh8 20. Nxh5 gxh5 21. Bxh5 Qe7 22.
Bg6 Bh6 23. Qh5 Kg7 24. Nf7 Rxf7 25. Bxf7 Qxf7 26. Rg3+ Kf8 27. Qxh6+ Ke8 28.
Qh8+ 1-0

[Event "SR 2. liga A 2015/2016"]
[Site "?"]
[Date "2016.03.12"]
[Round "10.6"]
[White "Doucha, Ludvig"]
[Black "Szollos, Ondrej"]
[Result "1/2-1/2"]
[WhiteElo "1966"]
[BlackElo "2035"]
[PlyCount "129"]
[EventDate "2015.??.??"]

1. d4 Nf6 2. Nf3 d6 3. c3 c6 4. Nbd2 Qc7 5. e4 Bg4 6. h3 Bxf3 7. Qxf3 e5 8.
dxe5 dxe5 9. Bc4 Nbd7 10. a4 Rd8 11. O-O a6 12. a5 Be7 13. Re1 O-O 14. Nf1 Ne8
15. Ng3 Nd6 16. Bb3 Nf6 17. Be3 c5 18. Ra2 h6 19. Kh2 Kh7 20. Re2 Qc8 21. Bc1
c4 22. Bc2 Qe6 23. Qe3 Ng8 24. Qf3 g6 25. Re1 Ne8 26. Be3 Rc8 27. Raa1 Ng7 28.
Bb6 Bc5 29. Bxc5 Rxc5 30. Qe3 Rfc8 31. Red1 Nf6 32. Ra4 Qe7 33. Qe2 Ne6 34. Nf1
Nf4 35. Qe1 Qe8 36. Ra2 Qc6 37. g3 Ne6 38. f3 Qc7 39. Rda1 Nd8 40. Qe3 Nd7 41.
Qe2 Nc6 42. Ne3 Nxa5 43. Nd5 Qd8 44. Rd1 Nf6 45. Ne3 Qc7 46. g4 b6 47. Qg2 Qe7
48. h4 Rg8 49. g5 Nh5 50. Qg4 Rd8 51. Nf5 gxf5 52. Qxh5 Rxd1 53. Qxh6+ Kg8 54.
Bxd1 Rc6 55. Qh5 Qd6 56. f4 Qd2+ 57. Be2 Qxf4+ 58. Kh3 Qxe4 59. Ra1 Qe3+ 60.
Kg2 Rd6 61. Re1 Rd2 62. g6 Qe4+ 63. Kg1 Qe3+ 64. Kg2 Qe4+ 65. Kg1 1/2-1/2

[Event "SR 2. liga A 2015/2016"]
[Site "?"]
[Date "2016.03.12"]
[Round "10.6"]
[White "Ochrana, Ladislav"]
[Black "Kolenak, Matus"]
[Result "1/2-1/2"]
[WhiteElo "1923"]
[BlackElo "1995"]
[PlyCount "111"]
[EventDate "2015.??.??"]

1. e4 c5 2. Nf3 d6 3. d4 cxd4 4. Nxd4 Nf6 5. Nc3 a6 6. Be2 b5 7. Bf3 Bb7 8. e5
Bxf3 9. Qxf3 dxe5 10. Qxa8 exd4 11. Bf4 Nbd7 12. Qxd8+ Kxd8 13. Ne2 e5 14. Bd2
Bd6 15. O-O-O Ne4 16. Rhf1 Ke7 17. f3 Nxd2 18. Rxd2 Nb6 19. b3 Nd5 20. Kb2 Bb4
21. Rd3 Ne3 22. Rc1 Nxg2 23. a3 Ba5 24. b4 Bb6 25. c3 dxc3+ 26. Nxc3 Bd4 27.
Kb3 Nf4 28. Rdd1 f5 29. a4 bxa4+ 30. Nxa4 Nd5 31. Ka3 Rb8 32. Rc4 Ne3 33. Rc7+
Kf6 34. Rdc1 Nd5 35. Rd7 Nxb4 36. f4 a5 37. fxe5+ Bxe5 38. Nc5 Nc6 39. Rd2 Rd8
40. Rxd8 Nxd8 41. Nd7+ Ke6 42. Nxe5 Kxe5 43. Rc5+ Kf6 44. Rxa5 f4 45. Kb2 Ne6
46. Kc3 Ng5 47. Kd3 h6 48. Rb5 Kg6 49. h4 Nf7 50. Ke2 Kf6 51. Kf3 g5 52. Ra5
Ne5+ 53. Ke4 Ng6 54. hxg5+ hxg5 55. Rf5+ Ke6 56. Rxg5 1/2-1/2

[Event "SR 2. liga A 2015/2016"]
[Site "?"]
[Date "2016.03.12"]
[Round "10.6"]
[White "Mosny, Jaroslav"]
[Black "Kosegi, Marek"]
[Result "1-0"]
[WhiteElo "1932"]
[BlackElo "1927"]
[PlyCount "157"]
[EventDate "2015.??.??"]

1. d4 d5 2. Nf3 Nf6 3. e3 c6 4. Bd3 Bg4 5. Nbd2 e6 6. O-O Bd6 7. e4 dxe4 8.
Nxe4 Nxe4 9. Bxe4 Nd7 10. h3 Bh5 11. Re1 O-O 12. c3 Nf6 13. Qc2 Nxe4 14. Qxe4
Bg6 15. Qe2 Qc7 16. Ne5 Rae8 17. Bf4 Bf5 18. Qf3 f6 19. Nd3 Bg6 20. Bxd6 Qxd6
21. Rad1 Qd5 22. Qxd5 exd5 23. Rxe8 Rxe8 24. Re1 Rxe1+ 25. Nxe1 Kf7 26. Kf1 Ke6
27. Ke2 b6 28. Ke3 Bb1 29. a3 Kd6 30. f4 c5 31. Nf3 c4 32. g4 Kc6 33. h4 Be4
34. Nd2 Bg6 35. g5 Kd6 36. Nf1 fxg5 37. fxg5 Ke6 38. Kf4 Bd3 39. Ne3 Be4 40.
Nxc4 h6 41. Ne5 hxg5+ 42. hxg5 Kd6 43. Ng4 Ke6 44. Ne3 Bd3 45. b3 b5 46. Ng4
Bc2 47. b4 Bg6 48. Ne5 Be8 49. Nd3 Bg6 50. Nc5+ Kd6 51. a4 bxa4 52. Nxa4 Bc2
53. Nc5 Bg6 54. Ke3 Be8 55. Nd3 Bg6 56. Nf4 Be8 57. Kd2 Bf7 58. Kc2 Be8 59. Kb3
Bb5 60. Nh5 g6 61. Nf4 Be8 62. c4 dxc4+ 63. Kxc4 a6 64. Kc3 Bf7 65. Kd3 Be8 66.
Ke4 Bf7 67. Nd3 Ba2 68. Nc5 Bc4 69. Nd3 Bd5+ 70. Ke3 Bf7 71. Ne5 Be8 72. Ke4
Ke6 73. d5+ Ke7 74. Kd4 Kd6 75. Nc4+ Kd7 76. Kc5 Kc7 77. Ne5 Kb7 78. d6 Kc8 79.
Kd5 1-0

[Event "SR 2. liga A 2015/2016"]
[Site "?"]
[Date "2016.03.13"]
[Round "11.1"]
[White "Privara, Igor"]
[Black "Bronis, Marian"]
[Result "1/2-1/2"]
[WhiteElo "2144"]
[BlackElo "2123"]
[PlyCount "80"]
[EventDate "2015.??.??"]

1. e4 g6 2. d4 Nf6 3. Nc3 d5 4. e5 Ne4 5. Nce2 f6 6. f3 Ng5 7. h4 Nf7 8. exf6
exf6 9. Be3 Nd6 10. Nc3 Nf5 11. Bf2 Bh6 12. g4 Ne3 13. Qe2 O-O 14. Bxe3 Bxe3
15. Qxe3 Re8 16. Ne4 dxe4 17. Bc4+ Kg7 18. O-O-O exf3 19. Qxf3 Qe7 20. Rf1 Qe3+
21. Qxe3 Rxe3 22. g5 Bf5 23. gxf6+ Kxf6 24. Nf3 Nc6 25. Bd5 Nb4 26. Bb3 a5 27.
Kd2 Rae8 28. Re1 Rxe1 29. Rxe1 Rxe1 30. Nxe1 g5 31. hxg5+ Kxg5 32. c3 Nc6 33.
Ke3 Kg4 34. Bd5 Kg3 35. Nf3 h5 36. Ng1 Bg4 37. Ne2+ Bxe2 38. Kxe2 Nd8 39. Ke3
h4 40. c4 b6 1/2-1/2

[Event "SR 2. liga A 2015/2016"]
[Site "?"]
[Date "2016.03.13"]
[Round "11.1"]
[White "Sukuba, Zdeno"]
[Black "Jancovic, Peter"]
[Result "0-1"]
[WhiteElo "2117"]
[BlackElo "2197"]
[PlyCount "134"]
[EventDate "2015.??.??"]

1. Nf3 Nf6 2. c4 c5 3. Nc3 b6 4. g3 Bb7 5. Bg2 e6 6. O-O Be7 7. b3 O-O 8. Bb2
Ne4 9. Nxe4 Bxe4 10. d3 Bc6 11. d4 d6 12. Qd2 Nd7 13. Rfd1 Qc7 14. Ne1 Bxg2 15.
Nxg2 Rfd8 16. Nf4 Nf6 17. dxc5 bxc5 18. Qc2 Qb7 19. Rd3 a5 20. Rad1 Ra6 21.
Bxf6 Bxf6 22. Nh5 Be7 23. g4 a4 24. Qc3 Bf8 25. Rh3 Qe4 26. Qf3 Qxf3 27. Rxf3
axb3 28. axb3 Ra2 29. Ng3 Rb8 30. Kf1 Rb2 31. Rdd3 Be7 32. Ne4 Rb6 33. h3 h6
34. Rfe3 g6 35. f4 f5 36. gxf5 gxf5 37. Nc3 Kf7 38. Nb5 d5 39. Rd1 d4 40. Red3
Ra6 41. R1d2 Ra1+ 42. Rd1 Rxd1+ 43. Rxd1 Rxb3 44. Rd3 Rb1+ 45. Kg2 Rc1 46. Na3
Bd6 47. Rf3 Ke7 48. Kg3 Bc7 49. Rd3 Ba5 50. e3 dxe3 51. Rxe3 Bd2 52. Rd3 Bb4
53. h4 Bxa3 54. Rxa3 Rxc4 55. Ra7+ Kd6 56. Rh7 Rb4 57. Rxh6 Rb8 58. Kf3 c4 59.
Ke3 Kd5 60. h5 Rb3+ 61. Kd2 Rh3 62. Rh8 c3+ 63. Kc2 Ke4 64. h6 Kxf4 65. Rh7 e5
66. Kb3 Ke4 67. Kc2 f4 0-1

[Event "SR 2. liga A 2015/2016"]
[Site "?"]
[Date "2016.03.13"]
[Round "11.1"]
[White "Cambel, Vladimir"]
[Black "Biro, Karol"]
[Result "0-1"]
[WhiteElo "2058"]
[BlackElo "2074"]
[PlyCount "70"]
[EventDate "2015.??.??"]

1. Nf3 Nf6 2. c4 c6 3. g3 d5 4. b3 e6 5. Bg2 Be7 6. Bb2 O-O 7. O-O Nbd7 8. d3
a5 9. Nbd2 a4 10. Qc2 Qb6 11. e4 dxe4 12. dxe4 Rd8 13. e5 Ne8 14. Ne4 Nc5 15.
Nxc5 Bxc5 16. Ng5 g6 17. h4 axb3 18. axb3 Rxa1 19. Rxa1 Bf8 20. Bc3 Qc7 21. Qe4
h6 22. Nh3 Ng7 23. g4 h5 24. gxh5 Nxh5 25. Bf3 Ng7 26. Kh1 Qe7 27. Be2 c5 28.
Kh2 b6 29. Rd1 Qc7 30. Rxd8 Qxd8 31. Qg4 Be7 32. Ng5 Nf5 33. f4 Bxg5 34. fxg5
Bb7 35. Qg1 Nxh4 0-1

[Event "SR 2. liga A 2015/2016"]
[Site "?"]
[Date "2016.03.13"]
[Round "11.1"]
[White "Petreje, Juraj"]
[Black "Sulek, Viliam"]
[Result "1/2-1/2"]
[WhiteElo "2025"]
[BlackElo "2079"]
[PlyCount "74"]
[EventDate "2015.??.??"]

1. Nf3 Nf6 2. g3 g6 3. Bg2 Bg7 4. O-O O-O 5. c4 d5 6. Qc2 Nc6 7. d3 d4 8. a3 a5
9. b3 e5 10. Nbd2 Re8 11. Rb1 Qe7 12. Re1 Bg4 13. h3 Bf5 14. Ne4 Bxe4 15. dxe4
Rad8 16. Rd1 h6 17. Ne1 Kh7 18. Nd3 Nd7 19. b4 axb4 20. axb4 Ra8 21. Bd2 b6 22.
Ra1 Reb8 23. b5 Nd8 24. Nb4 Nc5 25. Kh2 Qd6 26. Nd5 Nde6 27. Nb4 Qf8 28. Nc6
Rxa1 29. Rxa1 Ra8 30. Ra2 Rxa2 31. Qxa2 Qd6 32. Nb4 h5 33. Qa8 d3 34. exd3 Nxd3
35. Qd5 Nxb4 36. Qxd6 cxd6 37. Bxb4 Nc5 1/2-1/2

[Event "SR 2. liga A 2015/2016"]
[Site "?"]
[Date "2016.03.13"]
[Round "11.1"]
[White "Vimmer, Michal"]
[Black "Mandak, Miroslav"]
[Result "1/2-1/2"]
[WhiteElo "1994"]
[BlackElo "2033"]
[PlyCount "73"]
[EventDate "2015.??.??"]

1. d4 Nf6 2. c4 e6 3. a3 d5 4. Nc3 c6 5. e3 Be7 6. Nf3 Nbd7 7. Bd3 Qc7 8. O-O
O-O 9. e4 dxe4 10. Nxe4 Nxe4 11. Bxe4 Nf6 12. Bc2 b5 13. c5 Rd8 14. Qe2 h6 15.
b4 a5 16. Bd2 axb4 17. axb4 Bd7 18. Qe5 Qxe5 19. dxe5 Nd5 20. g3 f6 21. Kg2 Be8
22. h3 fxe5 23. Nxe5 Bf6 24. f4 Ne7 25. Bc3 Nd5 26. Bd2 Ne7 27. Bc3 Bxe5 28.
fxe5 Nd5 29. Bd2 Bh5 30. g4 Bf7 31. Kg3 Ne7 32. Bc3 Bg6 33. Bb3 Nd5 34. Bxd5
exd5 35. Rxa8 Rxa8 36. Ra1 Rxa1 37. Bxa1 1/2-1/2

[Event "SR 2. liga A 2015/2016"]
[Site "?"]
[Date "2016.03.13"]
[Round "11.1"]
[White "Kebis, Milos"]
[Black "Breja, Stanislav"]
[Result "1/2-1/2"]
[WhiteElo "1966"]
[BlackElo "1962"]
[PlyCount "48"]
[EventDate "2015.??.??"]

1. c4 c6 2. Nc3 d5 3. cxd5 cxd5 4. d4 Nf6 5. e3 Nc6 6. Nf3 e6 7. Bd3 Bd6 8. O-O
O-O 9. Re1 a6 10. a3 e5 11. dxe5 Nxe5 12. Be2 Bc7 13. Nxe5 Bxe5 14. Bf3 Qc7 15.
h3 Bxc3 16. bxc3 Be6 17. Bb2 Rfd8 18. Rc1 Rac8 19. Qc2 b5 20. Red1 Qb6 21. Rd4
Rc4 22. Be2 Rxd4 23. cxd4 g6 24. Qc5 Rb8 1/2-1/2

[Event "SR 2. liga A 2015/2016"]
[Site "?"]
[Date "2016.03.13"]
[Round "11.1"]
[White "Briestenska, Andrea"]
[Black "Mikulasek, Viktor"]
[Result "1-0"]
[WhiteElo "1980"]
[BlackElo "1825"]
[PlyCount "62"]
[EventDate "2015.??.??"]

1. f4 Nc6 2. Nf3 d6 3. e4 Bg4 4. Bb5 a6 5. Bxc6+ bxc6 6. Qe2 c5 7. Nc3 e6 8.
O-O Ne7 9. d3 g6 10. h3 Bxf3 11. Rxf3 Bg7 12. f5 Nc6 13. Rf2 Bd4 14. Be3 Rb8
15. fxe6 fxe6 16. Na4 Bxb2 17. Nxb2 Rxb2 18. Bc1 Rb6 19. Bh6 Kd7 20. Raf1 Qh4
21. Qe3 g5 22. Bxg5 Qh5 23. Rf7+ Kc8 24. g4 Qg6 25. R1f6 Qg8 26. Bh6 Rb1+ 27.
Kh2 Rb2 28. Rf8+ Qxf8 29. Bxf8 Rxc2+ 30. Rf2 Nd4 31. Bg7 Rxf2+ 1-0